| Tag |
First Indicator |
Second Indicator |
Subfields |
| LEADER |
00000cam a2200000 a 4500 |
| 001 |
in00000092487 |
| 005 |
20151008064230.0 |
| 008 |
810928s1980 waua b 10110 eng |
| 010 |
|
|
|a 80053820
|
| 020 |
|
|
|a 0892522933 (pbk.)
|
| 035 |
|
|
|a (OCoLC)07945618
|
| 035 |
|
|
|9 AAK3787AM
|
| 039 |
0 |
|
|a 2
|b 3
|c 3
|d 3
|e 3
|
| 040 |
|
|
|a DLC
|c DLC
|d TXA
|d UtOrBLW
|
| 049 |
|
|
|a TXAM
|c [1361759]
|
| 050 |
0 |
0 |
|a QB51.3.E43
|b C66 1980
|
| 082 |
0 |
|
|a 523/.0028/54
|2 19
|
| 111 |
2 |
|
|a Conference on Applications of Digital Image Processing to Astronomy
|d (1980 :
|c California Institute of Technology)
|
| 245 |
1 |
0 |
|a Proceedings of the Conference on Applications of Digital Image Processing to Astronomy :
|b August 20-22, 1980, California Institute of Technology, Pasadena, California /
|c Denis A. Elliott, editor ; [cosponsored by the NASA/Office of Space Sciences and the Jet Propulsion Laboratory in cooperation with the Society of Photo-optical Instrumentation Engineers].
|
| 264 |
|
1 |
|a Bellingham, Wash. :
|b The Society,
|c [1980]
|
| 264 |
|
4 |
|c ©1980
|
| 300 |
|
|
|a viii, 306 pages :
|b illustrations ;
|c 28 cm.
|
| 336 |
|
|
|a text
|b txt
|2 rdacontent
|
| 337 |
|
|
|a unmediated
|b n
|2 rdamedia
|
| 338 |
|
|
|a volume
|b nc
|2 rdacarrier
|
| 490 |
1 |
|
|a Proceedings SPIE ;
|v v. 264
|
| 500 |
|
|
|a Spine title: Applications of digital image processing to astronomy.
|
| 504 |
|
|
|a Includes bibliographical references and indexes.
|
| 650 |
|
0 |
|a Imaging systems in astronomy
|v Congresses.
|
| 700 |
1 |
|
|a Elliott, Denis A.
|
| 710 |
1 |
|
|a United States.
|b Office of Space Science.
|
| 710 |
2 |
|
|a Jet Propulsion Laboratory (U.S.)
|
| 740 |
0 |
|
|a Applications of digital image processing to astronomy.
|
| 830 |
|
0 |
|a Proceedings of SPIE--the International Society for Optical Engineering ;
|v v. 264.
|
| 999 |
|
|
|a MARS
|
| 999 |
f |
f |
|s 5289d65f-dcfd-33f4-9684-193dd097a157
|i 85a36436-18b4-33a5-8677-9422ba2bd9c8
|t 0
|
| 952 |
f |
f |
|p ric
|a Texas A&M University
|b Rellis Campus
|c Joint Library Facility
|d Remote Storage
|t 0
|e QB51.3.E43 C66 1980
|h Library of Congress classification
|i unmediated -- volume
|m A14806206384
|
| 998 |
f |
f |
|a QB51.3.E43 C66 1980
|t 0
|l Remote Storage
|